000 00429nam a2200181Ia 4500
001 8531
005 20260306160616.0
008 260306t2008||||xx |||||||||||||| ||spa||
041 _aESP
082 _a371.102
_bG313
100 _aGagné, Robert Mills
_eAUT
245 0 _aLa planificación de la enseñanza:
_bsus principios
260 _c2008
300 _a
_c
650 _aGEN
654 _aCED
942 _cLIB
_dJUS
_fJUS
_2ddc
_n
999 _c8531
_d8531